Schlag den Star - Wer ist das? (3) - Statistiken

Allgemein
  • Dieses Quiz wurde 283 mal gespielt
  • Das Durchschnittsergebnis liegt bei 45 aus 100
Antwortstatistiken
Bildquiz Antwort % Korrekt
Barack Obama
96%
Heidi
95%
Biene Maja
93%
Joachim Löw
93%
Sido
93%
Manuel Neuer
92%
Ernie
91%
Joko Winterscheidt
88%
Will Smith
88%
Ed Sheeran
87%
Mark Zuckerberg
85%
Pipi Langstrumpf
85%
Karl Lagerfeld
84%
Barbara Schöneberger
82%
Lord Voldemort
82%
Adele
81%
Conchita Wurst
81%
Stitch
79%
Sebastian Vettel
77%
Elyas M’Barek
76%
George Clooney
76%
Katy Perry
76%
Steffen Henssler
76%
Annalena Baerbock
75%
Prinzessin Diana
73%
Morgan Freeman
70%
David Alaba
69%
Shirin David
69%
Jürgen Vogel
67%
Bülent Ceylan
63%
Kamala Harris
63%
Hape Kerkeling
62%
Britney Spears
60%
Sebastian Kurz
60%
Sonja Zietlow
59%
Mary Poppins
58%
Miley Cyrus
58%
Jennifer Lawrence
56%
Bob Ross
54%
Jule Brand
54%
Motsi Mabuse
54%
Mutter Teresa
54%
Ruth Moschner
54%
Tina Turner
51%
Jenna Ortega
50%
Marc Eggers
50%
Pascal Groß
50%
Roland Kaiser
50%
Ina Müller
49%
Merida
46%
Pamela Anderson
45%
Pierce Brosnan
44%
Dagi Bee
43%
Costa Cordalis
42%
Benni Wolter
41%
Ralph Caspers
41%
Claudia Schiffer
39%
Denzel Washington
39%
Julia Leischik
38%
Kate Winslet
38%
Nemo
36%
Dominik Kohr
35%
Veronica Ferres
35%
Martina Hill
34%
Badmómzjay
28%
Steven Spielberg
27%
Hailey Bieber
26%
Blake Lively
25%
Omar Sy
25%
Astrid Lindgren
23%
Cameron Boyce
21%
Nahim Sky
21%
Amanda Seyfried
19%
Hannelore Elsner
18%
John Goodman
17%
Lehrer Schmidt
17%
Lina Larissa Strahl
16%
Amy Adams
15%
Billy Idol
15%
Jessica Schwarz
15%
Kylie Minogue
15%
Sternenschweif
11%
Jutta Speidel
10%
Timur Ülker
10%
Hugo Weaving
9%
Galileo Galilei
8%
Ute Lemper
8%
Brittany Murphy
7%
Jack White
7%
Doris Day
6%
Heikko Deutschmann
6%
Rosamunde Pilcher
6%
Tom Odell
6%
Agatha Christie
4%
Harry Houdini
4%
Leonie Bartsch
4%
Ingrid Klimke
3%
Robert Koch
3%
Neville Chamberlain
1%
Wilhelm Busch
1%
Keine übereinstimmenden Quizze gefunden
Verteilung der Resultate
Anzahl Personen mit jedem Resultat
Perzentil nach korrekt beantworteten Fragen
Ihre Resultats-Entwicklung
Sie haben dieses Quiz noch nicht gespielt